Carte De la partie d'Albanie occupée par le Bacha de Scutari. le District des Montenegrins, et partie des Teritoires des Rep[ubli]ques de Venise, et de Raguse Pour servir de renseignemens á la Carte des Limites des trois Empires ou Théatre de la Guerre presente 1788 = Karte Des Theiles von Albanien so der Bascha von Scutari in besitze hat, Der District der Montenegriner, und ein Theil der Besitzungen der Rep: Venedig und Ragusa

Main Author: Maire, Francois Joseph, 1738-1788
Language: German
French
Published: [Wien : s.n.], 1788
Physical Description: 1 mapa : mědirytina, ručně kolorovaná ; 34 x 43 cm na listu 35 x 44,5 cm, složeno na 17,5 x 22 cm, v poloplátěných deskách 18 x 22,5 cm
Language note: Souběžný francouzský a německý název
Map
Saved in:
LEADER 02889nem a22005532a 4500
001 mzk03000906982
003 CZ BrMZK
005 20241203142458.0
007 aj canzn
008 050407s1788 au d a 0| fre d
034 1 |a a  |b 480000  |d E0180123  |e E0202326  |f N0432522  |g N0415451 
040 |a BOA001  |b cze 
041 0 |a fre  |a ger 
043 |a e-aa--- 
072 7 |a 912  |x Mapy. Atlasy. Glóby  |2 Konspekt 
072 7 |a 913(4)  |x Geografie Evropy, reálie, cestování 
080 |a (084.3)  |2 MRF 
080 |a (496.5)  |2 MRF 
080 |a (497.5)  |2 MRF 
080 |a (497.16)  |2 MRF 
100 1 |a Maire, Francois Joseph,  |d 1738-1788  |7 ola2010577178  |4 ctg 
245 1 0 |a Carte De la partie d'Albanie occupée par le Bacha de Scutari. le District des Montenegrins, et partie des Teritoires des Rep[ubli]ques de Venise, et de Raguse  |h [kartografický dokument] :  |b Pour servir de renseignemens á la Carte des Limites des trois Empires ou Théatre de la Guerre presente 1788 = Karte Des Theiles von Albanien so der Bascha von Scutari in besitze hat, Der District der Montenegriner, und ein Theil der Besitzungen der Rep: Venedig und Ragusa 
246 3 1 |a Karte Des Theiles von Albanien so der Bascha von Scutari in besitze hat, Der District der Montenegriner, und ein Theil der Besitzungen der Rep: Venedig und Ragusa  |h [kartografický dokument] 
255 |a Měřítko [ca 1:480 000]  |c (018°01'23" v.d.--020°23'26" v.d./043°25'22" s.š.--041°54'51" s.š.) 
260 |a [Wien :  |b s.n.],  |c 1788 
300 |a 1 mapa :  |b mědirytina, ručně kolorovaná ;  |c 34 x 43 cm na listu 35 x 44,5 cm, složeno na 17,5 x 22 cm, v poloplátěných deskách 18 x 22,5 cm 
500 |a Složeno na velikost 17,5 x 22 cm 
500 |a Autor mapy určen podle Dörflingera 
500 |a Druhé nezměněné vydání vyšlo roku 1806 u Tranquila Molla ve Vídni 
500 |a Výzdoba: V levém horním rohu ozdobná nápisová kartuše, v levém dolním rohu nápisové pole, uprostřed dolního okraje měřítko a směrová ružice 
510 3 |a DNBx 
510 4 |a Dörflinger, J. Österreichische Karten des 18. Jahrhunderts,  |c s. 97 
522 |a 8 cm = Echelle de cinq Milles d'Allemagne 
546 |a Souběžný francouzský a německý název 
561 |a Provenience: [razítko] F.Z.S 
561 |a Provenience: [razítko] Fr. Saffczynski 
563 |a Podlepeno plátnem a vlepeno v poloplátěných deskách (Bohdan Reinoha) 
651 7 |a Albánie  |7 ge128651  |2 czenas 
651 7 |a Chorvatsko  |7 ge128941 
651 7 |a Černá Hora  |7 ge134642 
655 7 |a staré mapy  |7 fd674099  |2 czenas 
903 |a RP 
910 |a BOA001  |b ST2-0081.544 
978 |b S.n.  |a Wien  |c 1788 
984 |a Vídeň  |b Rakousko 
985 |a 1751-1800 
990 |a MP 
991 |k mzk 
996 6 |b 2619280200  |c ST2-0081.544  |l stud. ST  |r Sklad / do násl. otevíracího dne  |n 0  |w 000906982  |u 000010  |a 1  |e BOA001  |s P